| 000 | 02088nam0a2200361 i 4500 | ||
|---|---|---|---|
| 001 | RU\NLR\BIBL_A\011008516 | ||
| 005 | 20240921202451.0 | ||
| 010 |
_a9785696046983 _9100 |
||
| 021 |
_aRU _b2016-12550 _9809 |
||
| 035 | _a(NILC)RuMoRGB-008149509 | ||
| 035 | _a(NLR Aleph) 011008516 | ||
| 090 |
_a11009327 _c11009327 |
||
| 100 | _a20160314d2015 k y0rusy50 ca | ||
| 101 | 0 |
_arus _aeng |
|
| 102 | _aRU | ||
| 105 | _aa|||z|||100yy | ||
| 200 | 1 |
_aЭнерго- и ресурсосбережение в теплоэнергетике и социальной сфере _eматериалы международной научно-технической конференции студентов, аспирантов, ученых, 6 мая 2015 г. _fпод ред. К.В. Осинцева |
|
| 210 |
_aЧелябинск _cИздательский центр ЮУрГУ _d2015 |
||
| 215 |
_a274, [1] с. _cил. _d20 |
||
| 300 | _aВ надзаг.: М-во образования и науки Рос. Федерации, Юж.-Ур. гос. ун-т, Каф. "Пром. теплоэнергетика" | ||
| 300 | _aЧасть текста на англ. яз. | ||
| 320 | _aБиблиогр. в конце ст. | ||
| 606 | 1 |
_aЭнергетические ресурсы _jСъезды, совещания и т.п _xЭкономия _9949355 _3RU\NLR\AUTH\66352646 |
|
| 675 | _a621.1 | ||
| 686 | 1 | _aЗ280.73я431(0) | |
| 702 | 1 |
_aОсинцев _bК. В. _gКонстантин Владимирович _4340 |
|
| 711 | 1 | 2 |
_a"Энерго- и ресурсосбережение в теплоэнергетике и социальной сфере", международная научно-техническая конференция студентов, аспирантов, ученых _eЧелябинск _f2015 _9509261 _3RU\NLR\AUTH\880422216 |
| 801 | 0 |
_aRU _bРГБ _c20160217 _gRCR |
|
| 801 | 2 |
_aRU _bРГБ _c20160219 _grcr |
|
| 942 | _cBOOK | ||
| 980 | _aNBR | ||